00396nam a2200133 a 4500008004100000050001500041100001900056245006800075246003200143260004200175300002100217350000900238700001500247120416s1972 ||||||||||||||||| || u aDT 444 Soc aCliffe, Lionel10aSocialism in Tanzania, vol. 1 politicscedited by Lionel Cliffe aan interdisciplinary reader aLondonbEast African Publishingc1972 axx, 346p. : ill. a0.00 aSaul, J. S